书目信息 |
| 题名: |
美国建筑竞赛集成
|
|
| 作者: | ;王晨晖 , 米沛 , 常文心 译 ;美国竞赛杂志编辑部 编 | |
| 分册: | 2 | |
| 出版信息: | 沈阳 辽宁科学技术出版社 2010 |
|
| 页数: | 283页 | |
| 开本: | 30cm | |
| 丛书名: | ||
| 单 册: | ||
| 中图分类: | TU206 | |
| 科图分类: | ||
| 主题词: | 建筑设计--世界--现代--图集 | |
| 电子资源: | ||
| ISBN: | 978-7-5381-6340-7 | |
| 000 | 00891nam0 2200253 450 | |
| 001 | 1251725976 | |
| 005 | 20120218142350.75 | |
| 010 | @a978-7-5381-6340-7@b精装@dCNY292.00 | |
| 100 | @a20100520d2010 em y0chiy0110 ea | |
| 101 | 0 | @achi@aeng |
| 102 | @aCN@b210000 | |
| 105 | @aa z 001yy | |
| 200 | 1 | @a美国建筑竞赛集成@9mei guo jian zhu jing sai ji cheng@dInternational design competitions@e[中英文本]@h2@f美国《竞赛》杂志编辑部编@g常文心,王晨晖,米沛译@zeng |
| 210 | @a沈阳@c辽宁科学技术出版社@d2010 | |
| 215 | @a283页@d30cm | |
| 510 | 1 | @aInternational design competitions@zeng |
| 606 | 0 | @a建筑设计@y世界@z现代@j图集 |
| 690 | @aTU206@v4 | |
| 702 | 0 | @a王晨晖@9wang chen hui@4译 |
| 702 | 0 | @a米沛@9mi pei@4译 |
| 702 | 0 | @a常文心@9chang wen xin@4译 |
| 711 | 02 | @a美国竞赛杂志编辑部@9mei guo jing sai za zhi bian ji bu@4编 |
| 801 | 0 | @aCN@bSG02@c20100520 |
| 905 | @aZUCC@dTU206@eM6871 | |
| 美国建筑竞赛集成=International design competitions:[中英文本].2/美国《竞赛》杂志编辑部编/常文心,王晨晖,米沛译.-沈阳:辽宁科学技术出版社,2010 |
| 283页;30cm |
| ISBN 978-7-5381-6340-7(精装):CNY292.00 |
| ● |
| 相关链接 |
|
|
|
正题名:美国建筑竞赛集成
索取号:TU206/M6871
 
预约/预借
| 序号 | 登录号 | 条形码 | 馆藏地/架位号 | 状态 | 备注 |
| 1 | 483715 | 204837150 | 建筑库101/101建筑库 42排3列5层/ [索取号:TU206/M6871] | 在馆 |